ÖMER SEYFETTİNDEN SEÇME HİKAYELER (Record no. 977999)

MARC details
000 -LEADER
sabit uzunluktaki kontrol alanı 00265nam a2200097Ia 4500
001 - KONTROL NUMARASI
kontrol alanı 977999
005 - EN SON İŞLEMİN TARİH VE ZAMANI
kontrol alanı 20250826220739.0
008 - SABİT-UZUNLUKTA VERİ ÖĞELERİ--GENEL BİLGİ
sabit uzunluktaki kontrol alanı 250824s9999 xx 000 0 und d
245 #0 - ESER / YAZAR
ESER ADI ÖMER SEYFETTİNDEN SEÇME HİKAYELER
Yazar Adı ÖMER SEYFETTİN
260 ## - YAYIN, DAĞITIM, VB.
YAYIN EVİ ANONİM YAYINCILIK
Holdings
Düşüm durumu Kayıp durumu Hasar Durumu Ödünç verilmez Ana kütüphane Geçerli Kütüphane Edinilen tarih Toplam ödünç verme sayısı Barkod Son görüntüleme tarihi Son ödünç verme tarihi Fiyatın geçerli olmaya başladığı tarih Koha materyal türü
        SANCAK ORTAOKULU SANCAK ORTAOKULU 24.08.2025 1 10344201 11.03.2026 19.02.2026 26.08.2025 Books